01622nam a2200349 a 4500001001000000003000300010005001700013008004100030010001700071020003300088020003000121082002000151100002900171245011200200250001200312260006400324300003400388500011200422504005100534650005600585650006100641653002200702690004400724700002900768700002700797700006500824942001200889999001700901952011800918952011801036952011801154014610611Uk20130228135909.0080109s2008 enka b 001 0 eng  a 2008001028 a9780273714736 (alk. paper) : a0273714732 (alk. paper) :00a657.96222bROB1 aRoberts, Clare B.93276510aInternational Corporate Reporting :ba Comparative Approach /cClare Roberts, Pauline Weetman, Paul Gordon. a4th ed. aHarlow ;aNew York :bPrentice Hall/Financial Times,c2008. axxi, 676 p. :bill. ;c25 cm. aRev. ed. of: International financial reporting / Clare Roberts, Pauline Weetman, Paul Gordon. 3rd ed. 2005. aIncludes bibliographical references and index. 0aInternational business enterprisesxFinance.932766 0aAccountingxStandardsxInternational cooperation.932767 bBuscFebruary20137 aManagement and Business Studies2blcoll1 aWeetman, Pauline.9327681 aGordon, Paul D.9327691 aRoberts, Clare B.tInternational financial reporting.932770 2ddccBB c17338d17310 00102ddc40708BaccahaMAINbMAINc1STd2013-02-28epurchasel0o657.96 ROBp000028420r2025-07-15 00:00:00yBB 00102ddc40708BaccahaMAINbMAINc1STd2013-02-28epurchasel0o657.96 ROBp000028421r2025-07-15 00:00:00yBB 00102ddc40708BaccahaMAINbMAINc1STd2013-02-28epurchasel0o657.96 ROBp000028422r2025-07-15 00:00:00yBB